000 00696nam a2200169 a 4500
001 000048699
005 20201002061335.0
008 190410s2016 dr a 000 0 spa d
040 _aDO-SdBNP
_bspa
_cBNPHU
110 1 _aSuperintendencia de Electricidad
_bRepública Dominicana
_976152
245 1 0 _aReglamento de solicitudes para compraventa de energía eléctrica mediante contratos largo plazo :
_bresolución SIE-056-2015-MEM.
260 _aSanto Domingo :
_bSuperintendencia de Electricidad,
_c2016.
300 _a69[12] p. :
_bils. ;
_c28 cm.
490 1 _aMercado eléctronico mayorista (MEM)
_v2
590 _aInventariado, 2019/VM
830 0 _aMercado eléctronico mayorista (MEM)
_n2
_976157
999 _c48187
_d48187